Situación demográfica actual de Costa Rica y perspectivas futuras

Shranjeno v:
Bibliografske podrobnosti
Glavni avtor: Ortega, Antonio
Format: Texto
Izdano: Heredia: UNA
Oznake: Označite
Brez oznak, prvi označite!

MARC

LEADER 00000 a a2200000 04500
001 16820
003
040
090 |a 004600  
100 |a Ortega, Antonio  
245 |a Situación demográfica actual de Costa Rica y perspectivas futuras  
260 |a Heredia:   |b UNA  
300 |a 51 p.  
999 |c 12359  |d 12359